logo

Bir Sreshtho Munshi Abdur Rouf Library
Jhenaidah Cadet College

Engineering mechanics : (Record no. 7372)

MARC details
000 -LEADER
fixed length control field 00800cam a2200289 a 4500
001 - CONTROL NUMBER
JCCL Control Number 7372
003 - CONTROL NUMBER IDENTIFIER
JCCL marc code BD-JhCC
005 - DATE AND TIME OF LATEST TRANSACTION
control field 20180210101433.0
008 - FIXED-LENGTH DATA ELEMENTS--GENERAL INFORMATION
fixed length control field 070724s2007 vraa 001 0 eng d
020 ## - INTERNATIONAL STANDARD BOOK NUMBER
International Standard Book Number 9780495244837
Terms of availability No price
020 ## - INTERNATIONAL STANDARD BOOK NUMBER
International Standard Book Number 049524483X
Terms of availability No price
035 ## - SYSTEM CONTROL NUMBER
system control number (BD-JhCC)7372
035 ## - SYSTEM CONTROL NUMBER
system control number 4842564
040 ## - CATALOGING SOURCE
Original cataloging agency StDuBDS
Transcribing agency StDuBDS
Modifying agency Uk
-- BD-JhCC
041 ## - LANGUAGE CODE
Language code of Book eng
082 04 - DEWEY DECIMAL CLASSIFICATION NUMBER
Classification number 620.103
DDC Edition number 22
Author mark and Year COO 2007
100 1# - MAIN ENTRY--PERSONAL NAME
Personal name Cook, David I.
245 10 - TITLE STATEMENT
Title Engineering mechanics :
Remainder of title Statics /
Statement of responsibility, etc David I. Cook and Donald N. Pierce
250 ## - EDITION STATEMENT
Edition statement International student ed.
260 ## - PUBLICATION, DISTRIBUTION, ETC. (IMPRINT)
Place of publication, distribution, etc Australia :
Name of publisher, distributor, etc Thomson,
Date of publication, distribution, etc 2007.
300 ## - PHYSICAL DESCRIPTION
Pagination x, 473 p. :
Other physical details ill. ;
Dimensions 26 cm.
500 ## - GENERAL NOTE
General note Includes index.
650 #0 - SUBJECT ADDED ENTRY--TOPICAL TERM
Topical term or geographic name as entry element Statics.
700 1# - ADDED ENTRY--PERSONAL NAME
Personal name Pierce, Donald N.
942 ## - ADDED ENTRY ELEMENTS (KOHA)
Source of classification or shelving scheme Dewey Decimal Classification
Koha item type Books
Holdings
Source of classification or shelving scheme Damaged status Not for loan Home library Current library Shelving location Total Checkouts Full call number Barcode Date last seen Copy number Koha item type
Dewey Decimal Classification     JCC Rouf Library JCC Rouf Library General Stacks   620.103 COO 2007 8602 02/08/2018 C - 1 Books

JCC Library | Contacts | JCC Home

Last Update on 23 September 2017
Copyright @ 2017-2020 JCC Rouf Library
Rouf Library, Jhenidah Cadet College (JCC), Bangladesh